000 00682nam a2200241Ia 4500
003 OSt
005 20220927105125.0
006 a|||||r|||| 00| 0
007 ta
008 220926b |||||||| |||| 00| 0 eng d
024 _a183660
037 _cReference Collections
040 _aRTL
_cRTL
_beng
041 _2eng
_aeng
082 _a"X:89k33:(B), M3"
245 0 _aMulticriteria evalution for Urban and regional planning.
260 _aGreat
_bBritain` Page Bros Limited
_c1983
300 _a"xiv,367p."
_ccm.
490 _vPart no. 1
500 _aAuthor Index: 359-367p.
942 _h"X:89k33:(B), M3"
_cCC
999 _c690772
_d690772